[Event "Saarland-ch C"]
[Site "Saarlouis Steinrausch"]
[Date "2005.03.26"]
[Round "9"]
[White "Wilhelm, Robin"]
[Black "Schuetz, Michael"]
[Result "1-0"]
[WhiteElo "1111"]
[BlackElo "950"]
[PlyCount "59"]
[EventDate "2005.03.18"]
[EventType "swiss"]
[EventRounds "9"]
[EventCountry "GER"]
[SourceTitle "EXT 2012"]
[Source "ChessBase"]
[SourceDate "2011.11.24"]
[SourceVersion "1"]
[SourceVersionDate "2011.11.24"]
[SourceQuality "1"]

1. e4 e5 2. Bc4 Nf6 3. d3 Nc6 4. Bg5 Be7 5. Nc3 Nd4 6. Nf3 d6 7. Nxd4 exd4 8. Nd5 Nxd5 9. Bxe7 Nxe7 10. Qh5 0-0 11. h4 Be6 12. Bxe6 fxe6 13. Qg4 e5 14. h5 h6 15. Rh3 Rf7 16. Rg3 Qf8 17. Qe6 Re8 18. Qxh6 Rxf2 19. 0-0-0 Rf6 20. Qg5 Kh8 21. Rh1 Rf1+ 22. Rxf1 Qxf1+ 23. Kd2 Qf2+ 24. Kd1 Qf1+ 25. Kd2 Qf2+ 26. Kd1 Qf7 27. h6 gxh6 28. Qxh6+ Qh7 29. Qf6+ Qg7 30. Qxg7# 1-0

[Event "Saarland-ch C"]
[Site "Saarlouis Steinrausch"]
[Date "2005.03.18"]
[Round "1"]
[White "Dietzen, Thomas"]
[Black "Schuetz, Michael"]
[Result "1-0"]
[WhiteElo "1289"]
[BlackElo "950"]
[PlyCount "65"]
[EventDate "2005.03.18"]
[EventType "swiss"]
[EventRounds "9"]
[EventCountry "GER"]
[SourceTitle "EXT 2012"]
[Source "ChessBase"]
[SourceDate "2011.11.24"]
[SourceVersion "1"]
[SourceVersionDate "2011.11.24"]
[SourceQuality "1"]

1. d4 d5 2. c4 e6 3. Nc3 Nf6 4. Nf3 Bb4 5. e3 0-0 6. Bd2 Bxc3 7. Bxc3 Ne4 8. Qc2 Nd7 9. Bd3 Ndf6 10. Ne5 Nxc3 11. Qxc3 Ne4 12. Qc2 Qh4 13. g3 Qh3 14. Bxe4 dxe4 15. Qxe4 f5 16. Qf3 Qh6 17. Qg2 a5 18. Rg1 a4 19. g4 g6 20. gxf5 exf5 21. h4 Rf6 22. Rh1 Qh5 23. Kd2 Ra5 24. Rag1 Raa6 25. Qd5+ Be6 26. Qd8+ Rf8 27. Qxc7 Kh8 28. d5 Rc8 29. Qxb7 Raa8 30. Qb6 Re8 31. dxe6 Rac8 32. Rg5 Qh6 33. Nf7+ 1-0